<?xml version="1.0" encoding="UTF-8"?><?xml-stylesheet type="text/xsl" href="static/style.xsl"?><OAI-PMH xmlns="http://www.openarchives.org/OAI/2.0/" xmlns:xsi="http://www.w3.org/2001/XMLSchema-instance" xsi:schemaLocation="http://www.openarchives.org/OAI/2.0/ http://www.openarchives.org/OAI/2.0/OAI-PMH.xsd"><responseDate>2026-06-05T21:45:27Z</responseDate><request verb="GetRecord" identifier="oai:riuma.uma.es:10630/6659" metadataPrefix="marc">https://riuma.uma.es/rest/oai/request</request><GetRecord><record><header><identifier>oai:riuma.uma.es:10630/6659</identifier><datestamp>2026-02-03T12:52:33Z</datestamp><setSpec>com_10630_5701</setSpec><setSpec>com_10630_3139</setSpec><setSpec>com_10630_10</setSpec><setSpec>col_10630_6640</setSpec></header><metadata><record xmlns="http://www.loc.gov/MARC21/slim" xmlns:dcterms="http://purl.org/dc/terms/" xmlns:doc="http://www.lyncode.com/xoai" xmlns:xsi="http://www.w3.org/2001/XMLSchema-instance" xsi:schemaLocation="http://www.loc.gov/MARC21/slim http://www.loc.gov/standards/marcxml/schema/MARC21slim.xsd">
   <leader>00925njm 22002777a 4500</leader>
   <datafield ind2=" " ind1=" " tag="042">
      <subfield code="a">dc</subfield>
   </datafield>
   <datafield ind2=" " ind1=" " tag="720">
      <subfield code="a">Larrubia-Vargas, Remedios</subfield>
      <subfield code="e">author</subfield>
   </datafield>
   <datafield ind2=" " ind1=" " tag="720">
      <subfield code="a">Navarro-Rodríguez, Susana Rosa</subfield>
      <subfield code="e">author</subfield>
   </datafield>
   <datafield ind2=" " ind1=" " tag="260">
      <subfield code="c">2006</subfield>
   </datafield>
   <datafield ind2=" " ind1=" " tag="520">
      <subfield code="a">La constatación del protagonismo y relevancia que las actuaciones en torno a la “exclusión&#xd;
social” están cobrando dentro del ámbito municipal, así como los cambios en el planteamiento&#xd;
de las acciones a desarrollar y en sus objetivos, ha llevado a buscar un instrumento que permita&#xd;
ahondar en la calidad de las acciones que desarrollan las Administraciones Públicas. En esta línea&#xd;
el Área de Bienestar Social del Ayuntamiento de Málaga en el marco de un Proyecto Europeo&#xd;
en el que colabora con distintos socios iberoamericanos, ha llevado a cabo la elaboración,&#xd;
selección y divulgación de “Buenas Prácticas” con un claro fin demostrativo. Es este proceso&#xd;
de selección y el marco teórico donde se inserta las Buenas Prácticas el objetivo del presente&#xd;
trabajo.</subfield>
   </datafield>
   <datafield ind2=" " ind1=" " tag="520">
      <subfield code="a">The verification of the protagonism and relevance that the performances around the&#xd;
social exclusion are getting paid inside the municipal environment, as well as the changes&#xd;
in the position of the actions to develop and in their objectives, it has taken to look for an&#xd;
instrument that allows to deepen in the quality of the actions that you/they develop the Public Administrations. In this line the Area of Social Well-being of the City council of Málaga in the&#xd;
mark of an European Project in which collaborates with different Ibero-American partners, has&#xd;
carried out the elaboration, selection and popularization of “Good Practical” with the purpose&#xd;
of that have a demonstrative character. It is this selection process and the theoretical mark&#xd;
where it is inserted the Good ones Practical the objective of the present work.</subfield>
   </datafield>
   <datafield ind1="8" ind2=" " tag="024">
      <subfield code="a">LARRUBIA VARGAS, R.; NAVARRO RODRÍGUEZ, S.R. "Selección de buenas prácticas para la inclusión social en el marco de un proyecto europeo : URBAL- 10" Baetica, 28 (1), 2006, 391-412</subfield>
   </datafield>
   <datafield ind1="8" ind2=" " tag="024">
      <subfield code="a">0212-5099</subfield>
   </datafield>
   <datafield ind1="8" ind2=" " tag="024">
      <subfield code="a">http://hdl.handle.net/10630/6659</subfield>
   </datafield>
   <datafield tag="653" ind2=" " ind1=" ">
      <subfield code="a">Exclusión social - Málaga - Programas</subfield>
   </datafield>
   <datafield ind2="0" ind1="0" tag="245">
      <subfield code="a">Selección de buenas prácticas para la inclusión social en el marco de un proyecto europeo : URBAL- 10</subfield>
   </datafield>
</record>
</metadata></record></GetRecord></OAI-PMH>